000 00475nam a22001812 4500
001 0000005536
005 20151217160106.0
008 070615s xx 000 0 eng d
040 _aKABU
_cKABU
050 0 _aPZ7
_b.K5D66
100 1 _aKilimo, Rose.
_@0000156807
245 1 4 _aThe Donkey who wanted to be a lion.
260 _aNairobi :
_bEAEP,
_c2003.
300 _a11 p.
908 _a070615
950 _@1
999 _c14104
_d14104